Educational ideas and ideals of Gandhi and Tagore; (Record no. 55026)

MARC details
000 -LEADER
fixed length control field 00838cam a22002411 4500
001 - CONTROL NUMBER
control field sa 63003328
003 - CONTROL NUMBER IDENTIFIER
control field DLC
005 - DATE AND TIME OF LATEST TRANSACTION
control field 20260227111941.0
008 - FIXED-LENGTH DATA ELEMENTS--GENERAL INFORMATION
fixed length control field 770428s1961 ii 000 0 eng
010 ## - LIBRARY OF CONGRESS CONTROL NUMBER
LC control number sa 63003328
035 ## - SYSTEM CONTROL NUMBER
System control number (OCoLC)2923032
040 ## - CATALOGING SOURCE
Original cataloging agency DLC
Transcribing agency ICarbS
Modifying agency OCoLC
-- DLC
042 ## - AUTHENTICATION CODE
Authentication code premarc
050 00 - LIBRARY OF CONGRESS CALL NUMBER
Classification number LB775.G22
Item number M35
100 1# - MAIN ENTRY--PERSONAL NAME
Personal name Mani, R S ,
Titles and words associated with a name educator.
245 10 - TITLE STATEMENT
Title Educational ideas and ideals of Gandhi and Tagore;
Remainder of title a comparative study with relevance to modern India.
250 ## - EDITION STATEMENT
Edition statement [1st ed.]
260 ## - PUBLICATION, DISTRIBUTION, ETC.
Place of publication, distribution, etc. New Delhi,
Name of publisher, distributor, etc. New Book Society of India
Date of publication, distribution, etc. [1961]
300 ## - PHYSICAL DESCRIPTION
Extent 208 p.
Dimensions 22 cm.
500 ## - GENERAL NOTE
General note "Author ... was awarded the degree of Ph. D. by the University of Madras in 1958 for this ... work."
600 10 - SUBJECT ADDED ENTRY--PERSONAL NAME
Personal name Gandhi,
Titles and other words associated with a name Mahatma,
Dates associated with a name 1869-1948.
600 10 - SUBJECT ADDED ENTRY--PERSONAL NAME
Personal name Tagore, Rabindranath,
Dates associated with a name 1861-1941.

No items available.

Powered by Koha